Регионална библиотека "Любен Каравелов" - Русе

Тази книга е пълна с мозъци (Запис номер 461249)

MARC детайли
000 -Лидер
Контролно поле с фиксирана дължина 01506nam a2200373 a 4500
003 - Код на организацията, давaща контролен номер
Контролно поле BLK
005 - Дата и час на последна редакция
Контролно поле 20250625181425.0
008 - Елементи от данни с фиксирана дължина
fixed length control field 180411b bul|||||r ||||||| ||bul||
020 ## - Международен стандартен номер на книга ISBN
Международен стандартен номер на книга ISBN 9789542838999
040 ## - Източник на каталожния запис
Идентификатор на билиотеката - собственик на записа BLK
041 ## - Код за език
Код за езика на текст/звукозапис или на отделно заглавие Български
Код за езика КДБФ Български
080 ## - УДК
Текстов определител УДК Централна нервна система. Главен мозък. Хипофиза. Епифиза
УДК код - определител по УДК 611.81
УДК определител (02.053.2)
УДК - код + определител 611.81(02.053.2)
100 ## - Редна дума - Автор
Автор Кенингтън, Тим
Авторска отговорност първи автор
R(LIN) 476289
139 ## - Редно поле
Редна дума Кенингтън, Тим
Авторски знак Кел - К 50
245 10 - Сведения за заглавието
Заглавие Тази книга е пълна с мозъци
Подзаглавни данни Всички видове мозъци и как работят
Редно поле (дума) Тим Кенингтън ; ил.Доузи Блогс, Лиз Кей ; прев. Елена Филипова
257 ## - Страна на издаване
Страна на създаване/издаване България
260 ## - Област на издателските данни
Място на издаване, разпространение и проч. София
Име на издателя, разпространителя и проч. Сиела Норма
Година на издаване 2022
9 (RLIN) 217021
Издателство - префикс ISBN 978-954-28-
300 ## - Физическа характеристика
Страници 94с.
Илюстрации и др. с ил.
Размери/Мащаб 25 см
380 ## - Жанр
Жанр Детска отраслова лит.
500 ## - Общи забележки
Забележка Ориг. загл. This Book is Full of Brains
650 #4 - Допълнително описание по предмет – тема
Основно описание – тема или топоним Главен мозък
9 (RLIN) 270033
653 ## - Ключова дума – ненормативна
Ключова дума главен мозък
653 ## - Ключова дума – ненормативна
Ключова дума мисли
700 ## - Други автори (авторска отговорност)
Лично име Филипова, Елена Иванова
Автороска отговорност (Описва отношението между автора и произведението) прев. от англ.
9 (RLIN) 416820
700 ## - Други автори (авторска отговорност)
Лично име Блогс, Джоузи
Автороска отговорност (Описва отношението между автора и произведението) ил.
9 (RLIN) 599
700 ## - Други автори (авторска отговорност)
Лично име Кей, Лиз
Автороска отговорност (Описва отношението между автора и произведението) ил.
9 (RLIN) 599
852 ## - Местоположение
Фондова буква Детски отдел
Систематично-азбучна сигнатура 61/К 50 Т
856 4# - Електронен адрес и достъп
Електронен формат pdf - файл
856 4# - Електронен адрес и достъп
Електронен формат pdf - файл
999 ## - СИСТЕМНИ КОНТРОЛНИ НОМЕРА
Koha biblionumber 461249
Koha biblioitemnumber 461249
942 ## - АРТИКУЛИ
Вид на библиотечния материал Книги
Скрит в OPAC Не
Периодичен библиозапис Да
Koha issues (borrowed), all copies 17
944 ## - СЪЗДАВАНЕ И РЕДАКЦИЯ на ЗАПИСА
Създаване/Редакция Създаване
Дата на регистрацията/редакция 2022-06-15
Служител, извършил регистрацията/редакцията 30534
Статус, дата на статуса Радостина Карадакова
999 ## - СИСТЕМНИ КОНТРОЛНИ НОМЕРА
Koha biblioitemnumber 461249
999 ## - СИСТЕМНИ КОНТРОЛНИ НОМЕРА
Koha biblioitemnumber 461249
Наличности
Код за отписване Код за изгубен артикул Източник на класификационната схема Код за повреда Коз за рестрикции Код за отдаване Артикулен № Име на библиотеката - собственик Име на библиотеката, в която се намира в момента Статус (Текущо местоположение) Дата на вписване в системата Местоположение - отдел Цена в лева Систематично азбучна сигнатура Баркод Цена в евро Служебен тип на артикула
  Не е изгубен Universal Decimal Classification Не е повреден без рестрикции заемане за дома 889827 Регионална библиотека "Любен Каравелов" Русе Регионална библиотека "Любен Каравелов" Русе Детски отдел 2022-06-15 Детски отдел 17.17 61/К 50 Т 120000872784 8.78 Книги
  Не е изгубен Universal Decimal Classification Не е повреден без рестрикции заемане за дома 889828 Регионална библиотека "Любен Каравелов" Русе Регионална библиотека "Любен Каравелов" Русе Детски отдел 2022-06-15 Детски отдел 17.17 61/К 50 Т 120000872783 8.78 Книги
Vip Innovations Ltd, Rousse, Bulgaria 2025